| 000 | 00638cam a22002293a 4500 | ||
|---|---|---|---|
| 001 | 39128 | ||
| 003 | PGUSA | ||
| 005 | 20140828083852.0 | ||
| 008 | 120313s2012||||xxu|||||s|||||000 1 eng d | ||
| 040 |
_aPGUSA _beng |
||
| 042 | _adc | ||
| 100 | 1 |
_aMacKenzie, Compton, _d1883-1972 |
|
| 245 | 1 | 0 |
_aKensington Rhymes _h[electronic resource] / _cCompton MacKenzie |
| 260 |
_bProject Gutenberg, _c2012 |
||
| 506 | _aPublic domain in the USA. | ||
| 516 | _aElectronic text | ||
| 653 | _aJuvenile fiction | ||
| 700 | 1 | _aMonsell, J.R. | |
| 830 | 0 |
_aProject Gutenberg _v39128 |
|
| 856 | 4 | 0 | _uhttp://www.gutenberg.org/ebooks/39128 |
| 942 | _cEB | ||
| 999 |
_c268381 _d268381 |
||